Detalles MARC
| 000 -CABECERA |
| Longitud fija campo de control |
00963nam a22003375a 4500 |
| 003 - • IDENTIFICADOR DELl NÚMERO DE CONTROL |
| Identificador del número de control |
CO-BoRNBP |
| 005 - • FECHA Y HORA DE LA ÚLTIMA TRANSACCIÓN |
| Fecha y hora de la última transacción |
20250826162403.0 |
| 007 - • CAMPO FIJO DE DESCRIPCIÓN FÍSICA |
| Campo fijo de descripción física |
ta |
| 008 - • CÓDIGOS DE INFORMACIÓN DE LONGITUD FIJA |
| Códigos de información de longitud fija |
231106s2022 ck g 000 1dspa d |
| 020 ## - • NÚMERO INTERNACIONAL NORMALIZADO PARA LIBROS |
| Número Internacional Normalizado para Libros (ISBN) |
9789585155398 |
| 040 ## - FUENTE DE LA CATALOGACIÓN |
| Centro catalogador de origen |
CO-BoBLA |
| Lengua de catalogación |
spa |
| Centro transcriptor |
CO-BoBLA |
| Normas de descripción |
rda |
| 041 0# - • CÓDIGO DE LENGUA |
| Código de lengua del texto/banda sonora o título independiente |
spa |
| 043 ## - CÓDIGO DE ÁREA GEOGRÁFICA |
| Código de área geográfica |
s-ve--- |
| 082 04 - • NÚMERO DE LA CLASIFICACIÓN DECIMAL DEWEY |
| Número de clasificación (R) |
V863.7 |
| Número del ítem |
G63f |
| Número de edición |
21 |
| 084 ## - • Clasificación Local Alfanúmerica PNLB |
| Número de clasificación |
N GOD |
| 100 1# - • PUNTO DE ACCESO PRINCIPAL-NOMBRE DE PERSONA |
| Nombre de persona |
Godoy, Ariana, |
| Fechas asociadas al nombre |
1990. |
| 245 10 - • TITULO PROPIAMENTE DICHO |
| Título |
Fleur : |
| Resto del título |
mi desesperada decisión / |
| Mención de responsabilidad, etc. |
Ariana Godoy. |
| 250 ## - • MENCIÓN DE EDICIÓN |
| Mención de edición |
1a. edición |
| 264 #1 - PRODUCCIÓN, PUBLICACIÓN , DISTRIBUCIÓN, FABRICACIÓN Y COPYRIGHT |
| Lugar de producción, publicación, distribución, fabricación |
Bogotá : |
| -- |
Barcelona : |
| Nombre del productor, editor, distribuidor, fabricante |
Wattpad, |
| Fecha de de producción, publicación, distribución, fabricación o copyright |
2022. |
| 300 ## - • DESCRIPCIÓN FÍSICA |
| Extensión |
334 páginas ; |
| Dimensiones |
22 cm. |
| 336 ## - TIPO DE CONTENIDO |
| Término de tipo de contenido |
texto |
| Código de tipo de contenido |
txt |
| Fuente |
rdacontent |
| 337 ## - TIPO DE MEDIO |
| Nombre del tipo de medio |
sin mediacion |
| Código del tipo de medio |
n |
| Fuente |
rdamedia |
| 338 ## - TIPO DE SOPORTE |
| Nombre del tipo de soporte |
volumen |
| Código del tipo de soporte |
nc |
| Fuente |
rdacarrier |
| 490 1# - • MENCIÓN DE SERIE |
| Mención de serie |
Saga darks ; |
| Designación de volumen o secuencia |
0 |
| 650 #7 - • PUNTO DE ACCESO ADICIONAL DE MATERIA - TÉRMINO DE MATERIA |
| Término de materia o nombre geográfico como elemento inicial |
Novela venezolana. |
| Fuente del encabezamiento o término |
BLAAUTO |
| 650 #7 - • PUNTO DE ACCESO ADICIONAL DE MATERIA - TÉRMINO DE MATERIA |
| Término de materia o nombre geográfico como elemento inicial |
Asesinato en la literatura. |
| Fuente del encabezamiento o término |
BLAAUTO |
| 650 #7 - • PUNTO DE ACCESO ADICIONAL DE MATERIA - TÉRMINO DE MATERIA |
| Término de materia o nombre geográfico como elemento inicial |
Familia en la literatura. |
| Fuente del encabezamiento o término |
BLAAUTO |
| 942 ## - ENTRADA DE ELEMENTOS AGREGADOS (KOHA) |
| Fuente de clasificaión o esquema |
Dewey Decimal Classification |
| Koha [por defecto] tipo de item |
LIbro |
| 949 ## - TRATAMIENTO DE LA INFORMACIÓN LOCAL (OCLC) |
| a |
n |
| b |
n |